| 000 | 00395nam a2200169Ia 4500 | ||
|---|---|---|---|
| 005 | 20140425132944.0 | ||
| 008 | 140130s9999 xx 000 0 und d | ||
| 050 |
_aPZ 7 _b.P679 2002 |
||
| 245 |
_cPistone, Paul _aMy life |
||
| 260 |
_bScholastic, _c2002 |
||
| 300 |
_a16 p. : _bill. ; _c22 cm. |
||
| 440 |
_v1 _930971 |
||
| 521 | _aG1 | ||
| 526 | _c100 | ||
| 942 |
_cBK _2lcc |
||
| 999 |
_c39831 _d39831 |
||